M. Tullii Ciceronis Tusculanarum Quaestionum, seu Disputationum libri 5

Saved in:  
Bibliographic Details
Subtitles:Tusculanae quaestiones, seu disputationes
Main Author: Cicero, Marcus Tullius 106 v.Chr.-43 v.Chr (Author)
Contributors: Lambin, Denys 1520-1572 (Editor) ; Fabricius, Franz (Commentator)
Format: Print Book
Language:Latin
Subito Delivery Service: Order now.
Check availability: HBZ Gateway
WorldCat: WorldCat
Interlibrary Loan:Interlibrary Loan for the Fachinformationsdienste (Specialized Information Services in Germany)
Published: Coloniae M. Cholinus 1583
In:Year: 1583

MARC

LEADER 00000cam a22000002c 4500
001 1092598782
003 DE-627
005 20260123211504.0
007 tu
008 901217s1583 xx ||||| 00| ||lat c
024 7 |a VD16 C 3822  |2 vd16 
035 |a (DE-627)1092598782 
035 |a (DE-576)022598782 
035 |a (DE-599)BSZ022598782 
035 |a (OCoLC)311416549 
040 |a DE-627  |b ger  |c DE-627  |e rakwb 
041 |a lat 
084 |a FX 150000  |2 rvk  |0 (DE-625)rvk/34868: 
084 |a BF 2130  |2 rvk  |0 (DE-625)rvk/10917:11596 
084 |a NH 3641  |2 rvk  |0 (DE-625)rvk/125594:239 
084 |a FX 154350  |2 rvk  |0 (DE-625)rvk/34947:11781 
084 |a FX 154351  |2 rvk  |0 (DE-625)rvk/34947:11782 
084 |a NH 3640  |2 rvk  |0 (DE-625)rvk/125594:238 
084 |a CD 4804  |2 rvk  |0 (DE-625)rvk/17810:11603 
100 1 |0 (DE-588)118520814  |0 (DE-627)134345924  |0 (DE-576)160579309  |4 aut  |a Cicero, Marcus Tullius  |d 106 v.Chr.-43 v.Chr 
240 1 0 |a Tusculanae disputationes 
245 1 0 |a M. Tullii Ciceronis Tusculanarum Quaestionum, seu Disputationum libri 5  |c à Dionysio Lambino ex auctoritate codicum manuscr. emendati. Cum annotationibus Franc. Fabricij Marcodurani 
246 1 |i Ansetzungssachtitel  |a Tusculanae quaestiones, seu disputationes 
264 1 |a Coloniae  |b M. Cholinus  |c 1583 
300 |a 324 S. 
336 |a Text  |b txt  |2 rdacontent 
337 |a ohne Hilfsmittel zu benutzen  |b n  |2 rdamedia 
338 |a Band  |b nc  |2 rdacarrier 
361 1 |5 DE-24  |y 2156143145  |s HB 511  |o Vorbesitz  |a Münich, Christoph  |0 (DE-588)1184440883  |0 (DE-627)166356440X  |f Notiz  |k 1625-XX-XX  |z Ex libris Christophori Minichij 1625 
361 1 |5 DE-24  |y 2156143145  |s HB 511  |o Vorbesitz  |a Kloster Zwiefalten  |0 (DE-588)5024707-4  |0 (DE-627)103234861  |0 (DE-576)193744201  |f Bibliotheksexemplar  |f Notiz  |z Handschriftlicher Eintrag: "Mon[aste]rij Zwifalten[ensis]" 
361 1 |5 DE-24  |y 2156143145  |s HB 511  |o Vorbesitz  |a Königliche Handbibliothek  |0 (DE-588)1075773237  |0 (DE-627)833835394  |0 (DE-576)444651497  |f Stempel 
361 1 |a Königliche Hofbibliothek Stuttgart  |f Exlibris  |5 DE-24  |y 2156143145  |s HB 511  |o Vorbesitz  |0 (DE-588)122330-6  |0 (DE-627)102158452  |0 (DE-576)190643633 
700 1 |e Hrsg.  |0 (DE-588)124436927  |0 (DE-627)363346643  |0 (DE-576)294170561  |4 edt  |a Lambin, Denys  |d 1520-1572 
700 1 |e Komment.  |0 (DE-627)1235688682  |0 (DE-576)165688688  |4 cmm  |a Fabricius, Franz 
700 1 2 |a Cicero, Marcus Tullius  |d 106 v.Chr.-43 v.Chr  |t Tusculanae disputationes 
751 |a Köln  |0 (DE-588)4031483-2  |0 (DE-627)106265458  |0 (DE-576)208992669  |4 pup 
935 |a mteo 
936 r v |a FX 150000  |b Gesamtausgaben  |k Klassische Philologie. Byzantinistik. Mittellateinische und Neugriechische Philologie. Neulatein  |k Lateinische Autoren und Inschriften der Antike  |k Lateinische Autoren und Anonyma  |k Klassik, Zeit Ciceros  |k Cicero, Marcus Tullius  |k Gesamtausgaben  |0 (DE-627)1270818910  |0 (DE-625)rvk/34868:  |0 (DE-576)200818910 
936 r v |a BF 2130  |b Werke  |k Theologie und Religionswissenschaften  |k Philosophie  |k Quellen zur Philosophiegeschichte  |k Altertum  |k Cicero, Marcus Tullius  |k Werke  |0 (DE-627)1270720074  |0 (DE-625)rvk/10917:11596  |0 (DE-576)200720074 
936 r v |a NH 3641  |b Einzelausgaben  |k Geschichte  |k Griechisch-römische Geschichte  |k Griechische und lateinische Schriftsteller (Inschriften bei ND 4200 ff)  |k Lateinische Schriftsteller  |k Schriftsteller C  |k Cicero, Marcus Tullius  |k Einzelausgaben  |0 (DE-627)1271571854  |0 (DE-625)rvk/125594:239  |0 (DE-576)201571854 
936 r v |a FX 154350  |b Gesamtausgaben  |k Klassische Philologie. Byzantinistik. Mittellateinische und Neugriechische Philologie. Neulatein  |k Lateinische Autoren und Inschriften der Antike  |k Lateinische Autoren und Anonyma  |k Klassik, Zeit Ciceros  |k Cicero, Marcus Tullius  |k Philosophica  |k Tusculanae disputationes (Tusculanarum disputationum libri)  |k Gesamtausgaben  |0 (DE-627)1270819518  |0 (DE-625)rvk/34947:11781  |0 (DE-576)200819518 
936 r v |a FX 154351  |b Teilausgaben, Einzelausgaben, Fragmente  |k Klassische Philologie. Byzantinistik. Mittellateinische und Neugriechische Philologie. Neulatein  |k Lateinische Autoren und Inschriften der Antike  |k Lateinische Autoren und Anonyma  |k Klassik, Zeit Ciceros  |k Cicero, Marcus Tullius  |k Philosophica  |k Tusculanae disputationes (Tusculanarum disputationum libri)  |k Teilausgaben, Einzelausgaben, Fragmente  |0 (DE-627)127268122X  |0 (DE-625)rvk/34947:11782  |0 (DE-576)20268122X 
936 r v |a NH 3640  |b Gesamtausgaben  |k Geschichte  |k Griechisch-römische Geschichte  |k Griechische und lateinische Schriftsteller (Inschriften bei ND 4200 ff)  |k Lateinische Schriftsteller  |k Schriftsteller C  |k Cicero, Marcus Tullius  |k Gesamtausgaben  |0 (DE-627)1271454629  |0 (DE-625)rvk/125594:238  |0 (DE-576)201454629 
936 r v |a CD 4804  |b Einzelschriften  |k Philosophie  |k Geschichte der Philosophie  |k Geschichte der Philosophie des Abendlandes von Antike bis 20. Jahrhundert  |k Philosophie der hellenistischen, römischen und christlichen Antike  |k Autoren  |k Cicero, Marcus Tullius  |k Einzelschriften  |0 (DE-627)1271571870  |0 (DE-625)rvk/17810:11603  |0 (DE-576)201571870 
951 |a BO 
ELC |b 1 
ORI |a SA-MARC-ixtheo_oa001.raw